Art of cross-examination of witnesses

Saved in:
书目详细资料
主要作者: Rao Y Rama
其他作者: Rao,Chalapathi
格式: 图书
出版: Hyderabad: S. Gogia and company, c2004.
主题:
标签: 添加标签
没有标签, 成为第一个标记此记录!

MARC

LEADER 00000cam a2200000u 4500
005 20260414114231.0
020 |a N/A  |c TZS 4,748/= 
040 |a MCCL  |b eng.  |e AACR 2nd rev. ed. 
082 |a 347.54075 RAO 
100 1 |a Rao Y Rama 
245 1 4 |a Art of cross-examination of witnesses  |c /Y. Rama Rao and Y. Chalapathi Rao 
260 |a Hyderabad:  |b S. Gogia and company,  |c c2004. 
300 |a 166p.:  |c 22 cm. 
546 |a eng. 
650 0 |a Witnesses. 
650 0 |a Cross-examination. 
700 1 |a Rao,Chalapathi 
942 |c BK 
999 |c 12602  |d 12602